| 000 | 00589nam a2200217Ia 4500 | ||
|---|---|---|---|
| 003 | OSt | ||
| 005 | 20260316055535.0 | ||
| 008 | 160316s2012 xxu||||| |||| 00| 0 eng d | ||
| 020 | _a9788120345706 | ||
| 040 | _cNLS | ||
| 082 | _a343.09945 CHA | ||
| 100 | _aChander, Harish | ||
| 245 |
_aCyber law and information technology protection / _cHarish Chander |
||
| 260 |
_aNew Delhi : _bPHI Learning, _c2012. |
||
| 300 |
_axix, 267 p. ; _c23 cm. |
||
| 365 | _b Rs. 325 | ||
| 650 | _aCyber laws -- India | ||
| 650 | _aInformation technology -- India | ||
| 700 |
_a _a |
||
| 942 |
_2ddc _cBK |
||
| 999 |
_c30519 _d30519 |
||